000 00485nam a2200157 i 4500
001 136761
003 ES-MaACL
005 20230906195223.0
007 t|
008 070214s1916 sp r ||||1| spa d
100 1 _aSainz de los Terreros, Carlos.
_9101587
245 1 0 _aGlándula pineal y patología infantil /
_cCarlos Sáinz de los Terreros.
260 _aMadrid :
_b[s. n.],
_c1916 (
_fImp. de Valentín Tordesillas)
300 _a22 p. ;
_c24 cm.
852 _aES-MaACL
_j1533-F-15
999 _c136761
_d136761